00706nam a2200217 450000500170000002000280001704000340004508200140007910000180009324501140011125000120022526000620023730000320029950400410033154600090037265000220038165000160040365000180041970000220043770000290045920260330121716.0 a8175341234cTZS 8,204/= aMCCLbeng.eAACR 2nd rev. ed. a341.2 BOW aBowett, D. W. aThe law of international institutions c/ D. W. Bowett, edited by George W. Keeton and George Schwarzenberger a4th ed. aLondon :bUniversal Law Publishing Co. Pvt. Ltd.,cc2003. axv, 431 p. :c22 cm.bill.; aIncludes bibliographical references. aeng. aLeague of Nations aRegionalism aJurisprudence aKeeton, George W. aSchwarnzenberger, George